<?xml version="1.0" encoding="UTF-8"?><?xml-stylesheet type="text/xsl" href="static/style.xsl"?><OAI-PMH xmlns="http://www.openarchives.org/OAI/2.0/" xmlns:xsi="http://www.w3.org/2001/XMLSchema-instance" xsi:schemaLocation="http://www.openarchives.org/OAI/2.0/ http://www.openarchives.org/OAI/2.0/OAI-PMH.xsd"><responseDate>2026-04-27T19:47:29Z</responseDate><request verb="GetRecord" identifier="oai:uvadoc.uva.es:10324/6523" metadataPrefix="marc">https://uvadoc.uva.es/oai/request</request><GetRecord><record><header><identifier>oai:uvadoc.uva.es:10324/6523</identifier><datestamp>2021-06-23T18:33:59Z</datestamp><setSpec>com_10324_30605</setSpec><setSpec>com_10324_894</setSpec><setSpec>col_10324_41</setSpec></header><metadata><record xmlns="http://www.loc.gov/MARC21/slim" xmlns:doc="http://www.lyncode.com/xoai" xmlns:xsi="http://www.w3.org/2001/XMLSchema-instance" xmlns:dcterms="http://purl.org/dc/terms/" xsi:schemaLocation="http://www.loc.gov/MARC21/slim http://www.loc.gov/standards/marcxml/schema/MARC21slim.xsd">
<leader>00925njm 22002777a 4500</leader>
<datafield tag="042" ind1=" " ind2=" ">
<subfield code="a">dc</subfield>
</datafield>
<datafield tag="720" ind1=" " ind2=" ">
<subfield code="a">Zamora Pérez, María Rosario de Fátima</subfield>
<subfield code="e">author</subfield>
</datafield>
<datafield tag="260" ind1=" " ind2=" ">
<subfield code="c">2014</subfield>
</datafield>
<datafield tag="520" ind1=" " ind2=" ">
<subfield code="a">En esta investigación se diseña y aplican instrumentos de análisis correspondientes para identificar la relación de competencias matemáticas y para analizar la estructura gramatical presente en los enunciados. Asimismo, se analiza la presencia curricular y las competencias matematicas implícitas en los enunciados y en la resolución de todas las pruebas PAEU de Matemáticas II desde 1995 a 2009 (período LOGSE), siguiendo un marco teórico-metodológico integrado por el marco de investigación histórica de FOX (1981), por el marco racionalista morfosintáctico de Thorndike y por los marcos conceptuales de PISA 2003. Se descubre un enorme sesgo curricular (aproximadamente un tercio de los conceptos no se preguntan nunca, muchos otros en raras ocasiones y algunos casi siempre), una concentración de competencias en el nivel de reproducción (casi no aparecen problemas del nivel de reflexión) y los enunciados de los ejercicios y cuestiones se pueden mejorar notablemente</subfield>
</datafield>
<datafield tag="024" ind2=" " ind1="8">
<subfield code="a">http://uvadoc.uva.es/handle/10324/6523</subfield>
</datafield>
<datafield tag="024" ind2=" " ind1="8">
<subfield code="a">b1686880</subfield>
</datafield>
<datafield tag="024" ind2=" " ind1="8">
<subfield code="a">10.35376/10324/6523</subfield>
</datafield>
<datafield ind1=" " ind2=" " tag="653">
<subfield code="a">Matemáticas-Lenguaje-Sintaxis</subfield>
</datafield>
<datafield ind1=" " ind2=" " tag="653">
<subfield code="a">Universidades-Acceso-España-Valladolid-Exámenes, preguntas, etc...</subfield>
</datafield>
<datafield tag="245" ind1="0" ind2="0">
<subfield code="a">Análisis de las pruebas de acceso a las universidades de Castilla y León (Matemáticas II)</subfield>
</datafield>
</record></metadata></record></GetRecord></OAI-PMH>